Ako uvariť dobrú polievku?

Riaditeľka spoločnosti Nestlé Food, s.r.o. Prievidza Darina Matyášová o príprave sušených polievok v závode, ktorý vznikol privatizáciou spoločnosti Carpathia.

Enregistré dans:
Détails bibliographiques
Auteur principal: Matyášová, D.
Format: Chapitre de livre
Langue:slovaque
Sujets:
Tags: Ajouter un tag
Pas de tags, Soyez le premier à ajouter un tag!

MARC

LEADER 00000naa a2200000 4500
001 r023010
005 20230801104403.2
041 0 |a slo 
044 |a SK 
245 1 0 |a Ako uvariť dobrú polievku?  |c D. Matyášová 
520 |a Riaditeľka spoločnosti Nestlé Food, s.r.o. Prievidza Darina Matyášová o príprave sušených polievok v závode, ktorý vznikol privatizáciou spoločnosti Carpathia. 
610 2 0 |a Slovensko 
610 2 0 |a 1996 
610 2 0 |a potravinárstvo 
610 2 0 |a Nestlé Food, s.r.o. Prievidza 
610 2 0 |a polotovary 
610 2 0 |a privatizácia 
610 2 0 |a Carpathia 
100 1 |a Matyášová, D.